| 000 | 00475nam a2200169Ia 4500 | ||
|---|---|---|---|
| 999 |
_c29962 _d29962 |
||
| 003 | OSt | ||
| 005 | 20201207095737.0 | ||
| 008 | 190216s9999||||xx |||||||||||||| ||und|| | ||
| 040 | _coclc | ||
| 082 |
_a894.8124 _bKAR/S |
||
| 100 |
_aKarassery, M N _91986 |
||
| 245 | 0 |
_aC N Smaranika / _cM N Karassery |
|
| 260 |
_bLipi Publications, _c2005. _aKozhikode: |
||
| 300 | _a424p | ||
| 650 | _aLekhanam | ||
| 942 |
_cBK _2ddc _h894.8124 _iKAR/S _k894.8124 _mKAR/S |
||